000
00292nam a22001217a 4500
008
170816b xxu||||| |||| 00| 0 eng d
041
_a
eng
080
_2
5 ED
_a
51
100
_a
36
101
_a
MAT
245
_a
MATHEMATICAL REASONING FOR ELEMENTARY TEACHER
_c
LONG.C.T
942
_2
udc
_c
BK
999
_c
23687
_d
23687